Statistiques concernant Preoposition English

Cliquez ici pour prendre le quiz!

Statistiques générales

  • Ce quiz a été pris 13 fois
  • Le résultat moyen est 16 sur 25

Statistiques - réponses

VerbePréposition% Correct
difficultin
92%
succedin
92%
interestedin
92%
forgive mefor
67%
apologisefor
67%
thank youfor
67%
dreamof
67%
suspectedof
67%
accusedof
67%
tiredof
67%
afraidof
67%
disapproveof
67%
look forwardto
67%
be opposedto
67%
be devotedto
67%
objectto
67%
be usedto
67%
goodat
58%
keenon
58%
insiston
58%
happyabout
50%
thinkingabout
50%
copewith
50%
feel
like
33%
to preventfrom
25%

Distribution des résultats

Percentile par nombre de réponses

% des personnes avec chaque résultat

Votre développement - résultats

Vous n’avez pas pris ce quiz